000 00518nam a2200193Ia 4500
005 20250508154215.0
008 008 250505s9999 xx 000 0 eng d
037 _aBooks to be hide in OPAC
040 _aFEDL
_beng
_cFEDL
041 _aeng
_2eng
084 _a370.7, EVA
_qFEDL
100 _aEvans A A
245 0 _aResearches and studies
245 4 _cThe University of Leeds Institute of Education
260 _c1954
300 _a87p.
942 _cHB
_h370.7, EVA
999 _c1348559
_d1348559